| 000 | 00881nam0a22002411 4500 | ||
|---|---|---|---|
| 001 | rc\476563 | ||
| 005 | 20030616172713.4 | ||
| 035 | _a(NLR Aleph) 005719785 | ||
| 090 |
_a7466602 _c7466602 |
||
| 100 | _a20030616d1987 u |0rusy50 ca | ||
| 101 | 0 | _arus | |
| 102 | _aRU | ||
| 105 | _aa ||||||||| | ||
| 200 | 1 |
_aЖивопись _e[Альбом] _fМежсоюз. дом самодеят. творчества МГСПС |
|
| 210 |
_a[М.] _cБ. и. _d1987 |
||
| 215 |
_a24 с. _cцв. ил. _d24 |
||
| 300 | _aНа 2-й с. обл. авт.: Лауреат Первого Всесоюз. фестиваля самодеят. худож. творчества трудящихся | ||
| 700 | 1 |
_aМальков _bН. С. _gНиколай Сергеевич |
|
| 801 | 0 |
_aRU _bNLR _gpsbo |
|
| 801 | 1 |
_aRU _bELAR _2rusmarc |
|
| 852 |
_aNLR _bЭ _jАлИс590/2-М211 |
||
| 942 | _cBOOK | ||
| 980 | _aNB | ||